[Event "XtraCon-Skakligaen"]
[Site "Denmark"]
[Date "2013.01.27"]
[Round "6.2"]
[White "Rasmussen, Karsten"]
[Black "Hansen, Soren Bech"]
[Result "1-0"]
[WhiteElo "2435"]
[BlackElo "2329"]
[PlyCount "54"]
[EventDate "2012.10.27"]
[EventType "team-tourn"]
[EventRounds "9"]
[WhiteTeam "Aarhus/Skolerne"]
[BlackTeam "Obro"]
[WhiteTeamCountry "DEN"]
[BlackTeamCountry "DEN"]

1. d4 f5 2. Qd3 d5 3. Bf4 Nf6 4. e3 e6 5. Nf3 Be7 6. Be2 O-O 7. O-O b6 8. c4
Ba6 9. Qc2 Ne4 10. Nc3 Nxc3 11. Qxc3 Nd7 12. h3 Rc8 13. Rfe1 Qe8 14. Rac1 Bb7
15. cxd5 Bxd5 16. Ba6 Ra8 17. Qxc7 Bd8 18. Qc2 Nf6 19. Ne5 Ne4 20. b3 Nd6 21.
Nc6 Qd7 22. Nb4 Bh4 23. Red1 Rad8 24. Qc7 Ba8 25. d5 Bxd5 26. Qxd7 Rxd7 27.
Nxd5 Rfd8 1-0

[Event "XtraCon-Skakligaen"]
[Site "Denmark"]
[Date "2013.01.27"]
[Round "6.3"]
[White "Skousen, Nikolai"]
[Black "Christensen, Tobias"]
[Result "0-1"]
[WhiteElo "2198"]
[BlackElo "2362"]
[PlyCount "156"]
[EventDate "2012.10.27"]
[EventType "team-tourn"]
[EventRounds "9"]
[WhiteTeam "Obro"]
[BlackTeam "Aarhus/Skolerne"]
[WhiteTeamCountry "DEN"]
[BlackTeamCountry "DEN"]

1. c4 c5 2. g3 Nc6 3. Bg2 Nf6 4. Nf3 d5 5. cxd5 Nxd5 6. O-O e6 7. Nc3 Be7 8. d4
O-O 9. e4 Nb6 10. dxc5 Bxc5 11. Qe2 e5 12. Rd1 Bd7 13. Be3 Bxe3 14. Qxe3 f6 15.
h3 Rc8 16. Nb5 Kh8 17. Nd6 Rb8 18. Bf1 Qe7 19. Nb5 Nc8 20. a3 Be6 21. Nc3 Qf7
22. b4 Nb6 23. Nb5 Nc8 24. Nd6 Qc7 25. Nb5 Qe7 26. Nc3 Qf7 27. Nd5 a6 28. Rac1
N8e7 29. Nxe7 Qxe7 30. Qb6 Rfd8 31. Kh2 Rxd1 32. Rxd1 Rd8 33. Rxd8+ Nxd8 34.
Ne1 Nf7 35. Qe3 Nd6 36. Qc5 Qd7 37. Bg2 g6 38. Nc2 Kg7 39. Ne3 Nb5 40. a4 Nd4
41. Nd5 g5 42. Nb6 Qf7 43. Nd5 h5 44. b5 axb5 45. axb5 Bd7 46. b6 Bc6 47. Qd6
h4 48. g4 Nb5 49. Qd8 Qf8 50. Qxf8+ Kxf8 51. Nxf6 Kg7 52. Nd5 Bxd5 53. exd5 Kf6
54. Bf1 Nd6 55. f3 e4 56. fxe4 Nxe4 57. Bg2 Nd6 58. Kg1 Ke5 59. Kf2 Nc4 60. d6
Nxd6 61. Ke3 Nc4+ 62. Kf2 Nxb6 63. Bxb7 Nd5 64. Ba6 Kf4 65. Bf1 Ne3 66. Be2 Nc2
67. Bd3 Nb4 68. Bf1 Nd5 69. Bd3 Ke5 70. Bf1 Kd4 71. Kf3 Nf4 72. Kf2 Ke4 73. Kg1
Kf3 74. Kh2 Ne6 75. Bc4 Nd4 76. Kg1 Kg3 77. Bf1 Ne6 78. Kh1 Nf4 0-1

[Event "XtraCon-Skakligaen"]
[Site "Denmark"]
[Date "2013.01.27"]
[Round "6.4"]
[White "Pedersen, Finn"]
[Black "Jorgensen, Dennis"]
[Result "0-1"]
[WhiteElo "2291"]
[BlackElo "2207"]
[PlyCount "104"]
[EventDate "2012.10.27"]
[EventType "team-tourn"]
[EventRounds "9"]
[WhiteTeam "Aarhus/Skolerne"]
[BlackTeam "Obro"]
[WhiteTeamCountry "DEN"]
[BlackTeamCountry "DEN"]

1. c4 c6 2. d4 d5 3. cxd5 cxd5 4. Nc3 Nf6 5. Nf3 Nc6 6. Bf4 a6 7. e3 Bg4 8. Be2
Bxf3 9. Bxf3 e6 10. O-O Bd6 11. Bxd6 Qxd6 12. Na4 O-O 13. Rc1 Rac8 14. Nc5 Rc7
15. Qa4 Rfc8 16. Rc3 Nd8 17. g3 g6 18. Rfc1 Kg7 19. Kg2 Qe7 20. a3 Ne8 21. e4
dxe4 22. Nxe4 Rxc3 23. bxc3 Nd6 24. Qb4 Nf5 25. Nc5 Qg5 26. Nd7 Nc6 27. Bxc6
Nh4+ 28. Kh3 Qf5+ 29. g4 Qd3+ 30. f3 Nxf3 31. Qb1 Ng5+ 32. Kg2 Qe2+ 33. Kh1
Rxc6 34. Ne5 Rc7 35. Qd3 Qxd3 36. Nxd3 Ne4 37. c4 Rd7 38. Nc5 Nxc5 39. dxc5 Rc7
40. Rb1 Rxc5 41. Rb4 a5 42. Rxb7 Rxc4 43. Rb5 Ra4 44. g5 Rxa3 45. Kg2 a4 46.
Ra5 h6 47. h4 hxg5 48. hxg5 Ra1 49. Kf2 a3 50. Kg2 a2 51. Kh2 e5 52. Kg2 e4 0-1

[Event "XtraCon-Skakligaen"]
[Site "Denmark"]
[Date "2013.01.27"]
[Round "6.5"]
[White "Kaaber Hansen, Jacob"]
[Black "Jacobsen, Bo"]
[Result "1-0"]
[WhiteElo "2257"]
[BlackElo "2309"]
[PlyCount "81"]
[EventDate "2012.10.27"]
[EventType "team-tourn"]
[EventRounds "9"]
[WhiteTeam "Obro"]
[BlackTeam "Aarhus/Skolerne"]
[WhiteTeamCountry "DEN"]
[BlackTeamCountry "DEN"]

1. e4 e5 2. Nf3 Nc6 3. Bb5 Nf6 4. O-O d6 5. d4 Bd7 6. Re1 exd4 7. Nxd4 Be7 8.
c4 O-O 9. Nc3 Nxd4 10. Bxd7 Nxd7 11. Qxd4 Bf6 12. Qd2 Nc5 13. b3 a5 14. Rb1 Re8
15. Bb2 Re6 16. f3 c6 17. Ne2 Bg5 18. Qc3 Rg6 19. Nd4 h5 20. Kh1 h4 21. Rbd1
Bf4 22. Nf5 Qg5 23. Qc2 a4 24. b4 Ne6 25. Qf2 a3 26. Bc3 Bg3 27. hxg3 hxg3 28.
Qe3 Nf4 29. Kg1 Rh6 30. Nxh6+ Qxh6 31. Kf1 g5 32. Rd2 Re8 33. Red1 d5 34. cxd5
cxd5 35. Rxd5 Kh7 36. R1d2 Nxd5 37. Rxd5 f6 38. Rd7+ Kg8 39. Qd4 Qh1+ 40. Qg1
Qh2 41. Bxf6 1-0

[Event "XtraCon-Skakligaen"]
[Site "Denmark"]
[Date "2013.01.27"]
[Round "6.6"]
[White "Rendboe, John Filip"]
[Black "Schou Moldt, Thomas"]
[Result "1/2-1/2"]
[WhiteElo "2233"]
[BlackElo "2226"]
[PlyCount "118"]
[EventDate "2012.10.27"]
[EventType "team-tourn"]
[EventRounds "9"]
[WhiteTeam "Aarhus/Skolerne"]
[BlackTeam "Obro"]
[WhiteTeamCountry "DEN"]
[BlackTeamCountry "DEN"]

1. d4 g6 2. c4 Nf6 3. Nc3 Bg7 4. e4 d6 5. Nf3 O-O 6. Be2 Na6 7. O-O e5 8. Re1
Qe8 9. Bf1 Bg4 10. d5 Nb4 11. Be2 a5 12. Be3 b6 13. h3 Bd7 14. a3 Na6 15. b3
Nh5 16. Rb1 Nf4 17. Bf1 h6 18. b4 axb4 19. axb4 Qc8 20. Qd2 Kh7 21. Bxf4 exf4
22. e5 Bf5 23. Bd3 Bxd3 24. Qxd3 dxe5 25. Nxe5 Qd8 26. Nb5 Re8 27. Nc6 Qf6 28.
Re2 f3 29. Rxe8 Rxe8 30. Qxf3 Qxf3 31. gxf3 Re2 32. Rd1 Rc2 33. d6 cxd6 34.
Nxd6 Bf8 35. b5 Nc5 36. Ne5 f6 37. Ng4 f5 38. Ne3 Rb2 39. Nc8 f4 40. Ng4 h5 41.
Ne5 Re2 42. Rd5 Bg7 43. Nc6 Na4 44. Nd6 Nc3 45. Rd3 Rc2 46. Nb4 Rc1+ 47. Kg2
Ne2 48. Rd2 Bc3 49. Rxe2 Bxb4 50. Re7+ Kh6 51. Re6 Bxd6 52. Rxd6 Rxc4 53. Rxb6
Rc1 54. Rb8 Kg7 55. h4 Rb1 56. b6 Kh7 57. Rb7+ Kg8 58. Rb8+ Kg7 59. Rb7+ Kg8
1/2-1/2

[Event "XtraCon-Skakligaen"]
[Site "Denmark"]
[Date "2013.01.27"]
[Round "6.7"]
[White "Thestrup, Sixten"]
[Black "Hagen, Kresten Skytte"]
[Result "1-0"]
[WhiteElo "2072"]
[BlackElo "2186"]
[PlyCount "79"]
[EventDate "2012.10.27"]
[EventType "team-tourn"]
[EventRounds "9"]
[WhiteTeam "Obro"]
[BlackTeam "Aarhus/Skolerne"]
[WhiteTeamCountry "DEN"]
[BlackTeamCountry "DEN"]

1. c4 Nf6 2. g3 c6 3. Bg2 d5 4. Nf3 dxc4 5. Qc2 Qd5 6. Nc3 Qh5 7. d4 cxd3 8.
Qxd3 Bh3 9. Bxh3 Qxh3 10. Bf4 Qd7 11. Qc4 e6 12. Rd1 Qc8 13. Nb5 Na6 14. Nd6+
Bxd6 15. Bxd6 Nc7 16. a4 Ncd5 17. e4 Nb6 18. Qc2 Ng8 19. a5 Nd7 20. Qc3 Ngf6
21. g4 Rg8 22. Qe3 b6 23. g5 Nh5 24. Nd4 Qb7 25. Qf3 g6 26. O-O e5 27. Ne2 bxa5
28. Ba3 Nb6 29. Qc3 f6 30. Rd6 fxg5 31. Re6+ Kf7 32. Re7+ Qxe7 33. Bxe7 Kxe7
34. Qxe5+ Kf8 35. f4 g4 36. f5 Nd7 37. fxg6+ Nhf6 38. Rxf6+ Nxf6 39. Qxf6+ Ke8
40. Qf7+ 1-0

[Event "XtraCon-Skakligaen"]
[Site "Denmark"]
[Date "2013.01.27"]
[Round "6.8"]
[White "Thorsteinsson, Sjurdur"]
[Black "Vej, Jesper"]
[Result "1-0"]
[WhiteElo "2144"]
[BlackElo "2103"]
[PlyCount "105"]
[EventDate "2012.10.27"]
[EventType "team-tourn"]
[EventRounds "9"]
[WhiteTeam "Aarhus/Skolerne"]
[BlackTeam "Obro"]
[WhiteTeamCountry "DEN"]
[BlackTeamCountry "DEN"]

1. e4 e5 2. Bc4 Nf6 3. d3 Bc5 4. Nc3 d6 5. f4 Ng4 6. f5 h5 7. Nh3 Qh4+ 8. Kf1
c6 9. Qf3 f6 10. Nd1 d5 11. Bb3 b6 12. Bd2 Nh6 13. Ndf2 Bxf2 14. Nxf2 dxe4 15.
dxe4 Ng4 16. Nh3 Nh6 17. Kg1 Qg4 18. Qe3 Bxf5 19. exf5 Nxf5 20. Qf2 Nd4 21. Re1
Nxb3 22. axb3 Nd7 23. Qe2 Qd4+ 24. Be3 Qxb2 25. Qc4 Rc8 26. Nf4 Qa3 27. Ng6 Rf8
28. Qe6+ Kd8 29. Rd1 Rc7 30. Nxf8 Qxf8 31. Kf2 Qe8 32. Qxe8+ Kxe8 33. Rd6 c5
34. Rhd1 Ke7 35. h4 Nf8 36. c4 Ne6 37. R6d2 Nf8 38. Kf3 Ke6 39. Ra2 a5 40. Rad2
Ke7 41. g4 hxg4+ 42. Kxg4 Ne6 43. h5 Nd4 44. Bxd4 cxd4 45. Kf5 Kd6 46. Rg2 Kc5
47. Rdg1 e4 48. Rxg7 Rxg7 49. Rxg7 e3 50. Ke4 e2 51. Rg1 Kb4 52. Kxd4 Kxb3 53.
h6 1-0

[Event "XtraCon-Skakligaen"]
[Site "Denmark"]
[Date "2013.01.27"]
[Round "6.1"]
[White "Aagaard, Jacob"]
[Black "Hagen, Andreas Skytte"]
[Result "1/2-1/2"]
[WhiteElo "2517"]
[BlackElo "2416"]
[PlyCount "67"]
[EventDate "2012.10.27"]
[EventType "team-tourn"]
[EventRounds "9"]
[WhiteTeam "Bronshoj"]
[BlackTeam "K41"]
[WhiteTeamCountry "DEN"]
[BlackTeamCountry "DEN"]

1. e4 e5 2. Nf3 Nc6 3. Nc3 Nf6 4. g3 d5 5. exd5 Nd4 6. Bg2 Bg4 7. h3 Bxf3 8.
Bxf3 Nxf3+ 9. Qxf3 Bb4 10. O-O O-O 11. b3 Bxc3 12. Qxc3 Re8 13. Bb2 Nxd5 14.
Qc4 Nb6 15. Qe2 Qd7 16. Kh2 Rad8 17. d3 Nd5 18. Qd2 Re6 19. h4 c5 20. Rae1 Rde8
21. Qe2 b6 22. a3 a5 23. Qg4 f6 24. Re2 Nc7 25. Rfe1 Qd6 26. Kh3 Kf7 27. Qe4
Kg8 28. h5 Qd7 29. Qg4 h6 30. Bc1 Nb5 31. Bb2 Qf7 32. f4 f5 33. Qf3 Nd4 34.
Bxd4 1/2-1/2

[Event "XtraCon-Skakligaen"]
[Site "Denmark"]
[Date "2013.01.27"]
[Round "6.2"]
[White "Nilssen, John Arni"]
[Black "Hoi, Carsten"]
[Result "1-0"]
[WhiteElo "2364"]
[BlackElo "2370"]
[PlyCount "113"]
[EventDate "2012.10.27"]
[EventType "team-tourn"]
[EventRounds "9"]
[WhiteTeam "K41"]
[BlackTeam "Bronshoj"]
[WhiteTeamCountry "DEN"]
[BlackTeamCountry "DEN"]

1. d4 g6 2. c4 Bg7 3. e4 d6 4. Ne2 Nf6 5. f3 O-O 6. Bg5 c5 7. d5 Qa5+ 8. Nec3
a6 9. Bd2 e6 10. a4 Qc7 11. Be2 Nbd7 12. O-O e5 13. g4 Kh8 14. Bd3 Ng8 15. Ne2
Qd8 16. Kh1 Bh6 17. Rg1 Bxd2 18. Qxd2 h6 19. Qe1 Kg7 20. Nbc3 Ngf6 21. Nd1 Rh8
22. Ne3 Nf8 23. h4 h5 24. g5 N6h7 25. f4 exf4 26. Qc3+ Kg8 27. Nxf4 Nd7 28.
Raf1 Ne5 29. Be2 Nf8 30. Rg2 Qe7 31. Kg1 Nfd7 32. Bd1 a5 33. Qe1 Nf8 34. Qg3
Bd7 35. Rgf2 Rh7 36. b3 Re8 37. Re1 Bc8 38. Bc2 Bd7 39. Bd1 Bc8 40. Ref1 Qc7
41. Rg2 Qe7 42. Be2 Bd7 43. Nd3 Nxd3 44. Bxd3 Bc8 45. Rf6 Nd7 46. Qxd6 Nxf6 47.
Qxe7 Rxe7 48. gxf6 Re5 49. Kf2 Kf8 50. Kf3 g5 51. hxg5 h4 52. Kf4 h3 53. Rh2
Re8 54. Nf5 Rd8 55. e5 Rh8 56. Nh6 Ke8 57. Bf5 1-0

[Event "XtraCon-Skakligaen"]
[Site "Denmark"]
[Date "2013.01.27"]
[Round "6.3"]
[White "Bromann, Thorbjorn"]
[Black "Brinck Claussen, Bjorn"]
[Result "0-1"]
[WhiteElo "2378"]
[BlackElo "2260"]
[PlyCount "76"]
[EventDate "2012.10.27"]
[EventType "team-tourn"]
[EventRounds "9"]
[WhiteTeam "Bronshoj"]
[BlackTeam "K41"]
[WhiteTeamCountry "DEN"]
[BlackTeamCountry "DEN"]

1. b3 d5 2. Bb2 Bg4 3. Nf3 Nd7 4. g3 Bxf3 5. exf3 Ngf6 6. f4 e6 7. Bg2 Bd6 8.
O-O O-O 9. Re1 c6 10. d4 b5 11. Nd2 b4 12. Nf3 Qb6 13. Ne5 Rfd8 14. g4 g6 15.
f5 exf5 16. gxf5 Nh5 17. Bf3 Ng7 18. fxg6 hxg6 19. Qd2 Qc7 20. c4 bxc3 21. Qxc3
Rac8 22. Rac1 Bxe5 23. dxe5 Nf8 24. Bg4 Nfe6 25. Qg3 Qe7 26. f4 d4 27. Rcd1 c5
28. h4 c4 29. bxc4 Rxc4 30. f5 gxf5 31. Bxf5 Kh8 32. Bd3 Ra4 33. Rd2 Nh5 34.
Qf3 Qxh4 35. Re4 Rg8+ 36. Rg2 Rxg2+ 37. Qxg2 Nhf4 38. Qf1 Qg3+ 0-1

[Event "XtraCon-Skakligaen"]
[Site "Denmark"]
[Date "2013.01.27"]
[Round "6.4"]
[White "Naes, Flovin Tor"]
[Black "Carstensen, Jacob"]
[Result "0-1"]
[WhiteElo "2271"]
[BlackElo "2362"]
[PlyCount "64"]
[EventDate "2012.10.27"]
[EventType "team-tourn"]
[EventRounds "9"]
[WhiteTeam "K41"]
[BlackTeam "Bronshoj"]
[WhiteTeamCountry "DEN"]
[BlackTeamCountry "DEN"]

1. d4 Nf6 2. Bg5 e6 3. e4 h6 4. Bxf6 Qxf6 5. Nc3 d6 6. Qd2 c6 7. O-O-O e5 8.
dxe5 dxe5 9. Bc4 Bc5 10. g3 O-O 11. f4 Bg4 12. Nge2 b5 13. Bb3 a5 14. a3 Na6
15. Rhf1 b4 16. axb4 axb4 17. Na4 Rad8 18. Qe1 Rxd1+ 19. Qxd1 Rd8 20. Qe1 Bh3
21. Nxc5 Nxc5 22. Rf3 Bg4 23. Re3 exf4 24. e5 Qf5 25. gxf4 Bxe2 26. Qxe2 Qxf4
27. Kb1 Nxb3 28. Rxb3 Rd2 29. Qe1 c5 30. Rg3 Rf2 31. Rg1 Qf5 32. Qd1 b3 0-1

[Event "XtraCon-Skakligaen"]
[Site "Denmark"]
[Date "2013.01.27"]
[Round "6.5"]
[White "Greger, Roland Reinhard"]
[Black "Laursen, Niels Norskov"]
[Result "1-0"]
[WhiteElo "2364"]
[BlackElo "2261"]
[PlyCount "81"]
[EventDate "2012.10.27"]
[EventType "team-tourn"]
[EventRounds "9"]
[WhiteTeam "Bronshoj"]
[BlackTeam "K41"]
[WhiteTeamCountry "DEN"]
[BlackTeamCountry "DEN"]

1. e4 c5 2. Nf3 e6 3. d3 Nc6 4. g3 d6 5. Bg2 Be7 6. O-O Nf6 7. Nbd2 Bd7 8. Re1
Rc8 9. Nf1 O-O 10. c3 Qc7 11. h4 b5 12. a3 Ne5 13. Nxe5 dxe5 14. f4 exf4 15.
Bxf4 e5 16. Bg5 Be6 17. Ne3 Rfd8 18. Qe2 c4 19. dxc4 Bxc4 20. Qf3 h6 21. Bxf6
Bxf6 22. Bf1 Rd2 23. Bxc4 bxc4 24. Re2 Rd3 25. Rf1 Bd8 26. Kh2 Rb8 27. Qg4 Rxe3
28. Rxe3 Rxb2+ 29. Re2 Rxe2+ 30. Qxe2 Be7 31. a4 Bc5 32. Rd1 Bb6 33. Rd5 a5 34.
Qg4 Ba7 35. Qd7 Qb6 36. Qd8+ Qxd8 37. Rxd8+ Kh7 38. Rd5 Be3 39. Rxe5 Bd2 40.
Rxa5 Bxc3 41. Rc5 1-0

[Event "XtraCon-Skakligaen"]
[Site "Denmark"]
[Date "2013.01.27"]
[Round "6.6"]
[White "Schmidt, Kristen"]
[Black "Aabling Thomsen, Jakob"]
[Result "1-0"]
[WhiteElo "2264"]
[BlackElo "2341"]
[PlyCount "85"]
[EventDate "2012.10.27"]
[EventType "team-tourn"]
[EventRounds "9"]
[WhiteTeam "K41"]
[BlackTeam "Bronshoj"]
[WhiteTeamCountry "DEN"]
[BlackTeamCountry "DEN"]

1. e4 d6 2. d4 Nf6 3. Nc3 g6 4. Nf3 Bg7 5. h3 O-O 6. Be3 a6 7. Qd2 b5 8. Bd3
Bb7 9. e5 Nfd7 10. e6 Bxf3 11. exf7+ Rxf7 12. gxf3 e5 13. Be4 c6 14. d5 c5 15.
h4 Nf6 16. Ne2 Nh5 17. Ng3 Nf4 18. h5 Qf6 19. hxg6 hxg6 20. c3 Nd7 21. Rg1 Nf8
22. Bc2 Qh4 23. O-O-O b4 24. c4 Nh3 25. Rh1 Qxc4 26. Rxh3 Rxf3 27. Kb1 Qg4 28.
Rhh1 c4 29. Rdg1 c3 30. Qe2 b3 31. axb3 Rb8 32. Ne4 Qf5 33. Ng5 Rxe3 34. Qxe3
e4 35. Qxe4 Qf6 36. Ne6 Re8 37. Qh4 Rxe6 38. dxe6 Qxe6 39. Qe4 Qf7 40. Rxg6
Nxg6 41. Qxg6 Qe7 42. Rh8+ Kxh8 43. Qh7# 1-0

[Event "XtraCon-Skakligaen"]
[Site "Denmark"]
[Date "2013.01.27"]
[Round "6.7"]
[White "Palm, Nikolaj"]
[Black "Christensen, Bo Garner"]
[Result "1-0"]
[WhiteElo "2307"]
[BlackElo "2243"]
[PlyCount "67"]
[EventDate "2012.10.27"]
[EventType "team-tourn"]
[EventRounds "9"]
[WhiteTeam "Bronshoj"]
[BlackTeam "K41"]
[WhiteTeamCountry "DEN"]
[BlackTeamCountry "DEN"]

1. d4 Nf6 2. Nf3 b5 3. e3 a6 4. Bd3 Bb7 5. O-O e6 6. Nbd2 c5 7. b3 cxd4 8. exd4
Nc6 9. Re1 Nb4 10. Bf1 Nfd5 11. Bb2 Rc8 12. c4 Nf4 13. Re3 bxc4 14. bxc4 Qf6
15. Ne5 Bd6 16. a3 Nc6 17. Ne4 Qe7 18. Qf3 f6 19. Qxf4 fxe5 20. dxe5 Bb8 21.
Nd6+ Bxd6 22. exd6 Qf7 23. Qxf7+ Kxf7 24. Rf3+ Kg8 25. Rg3 e5 26. Re1 Re8 27.
f4 Kf7 28. c5 g6 29. Bc4+ Re6 30. fxe5 Rhe8 31. Rf3+ Kg7 32. Bxe6 Rxe6 33. Ref1
Kh6 34. Bc1+ 1-0

[Event "XtraCon-Skakligaen"]
[Site "Denmark"]
[Date "2013.01.27"]
[Round "6.8"]
[White "Hartung Nielsen, Jens"]
[Black "Holmsgaard, Henrik"]
[Result "0-1"]
[WhiteElo "2241"]
[BlackElo "2294"]
[PlyCount "108"]
[EventDate "2012.10.27"]
[EventType "team-tourn"]
[EventRounds "9"]
[WhiteTeam "K41"]
[BlackTeam "Bronshoj"]
[WhiteTeamCountry "DEN"]
[BlackTeamCountry "DEN"]

1. d4 d5 2. Nf3 Nf6 3. e3 g6 4. c4 Bg7 5. Nc3 O-O 6. cxd5 Nxd5 7. Bc4 Nxc3 8.
bxc3 c5 9. O-O Qc7 10. Qe2 b6 11. Ba3 Bb7 12. Rac1 e6 13. e4 Re8 14. Rfd1 Nd7
15. e5 Rad8 16. h4 Bd5 17. Bb5 Bf8 18. Ng5 a6 19. Bxd7 Rxd7 20. Ne4 Bxe4 21.
Qxe4 Red8 22. h5 b5 23. Bb2 Qa5 24. Ra1 Qa4 25. Qe2 Rd5 26. Rdc1 Bh6 27. Rc2
Rc8 28. dxc5 Rcxc5 29. hxg6 hxg6 30. c4 Rxc4 31. Rxc4 Qxc4 32. Qf3 b4 33. g3
Qc2 34. Qb3 Qxb3 35. axb3 Rd2 36. Rb1 Rd3 37. Ba1 Kf8 38. Kf1 Ke7 39. Ke1 Kd7
40. Rd1 Rxd1+ 41. Kxd1 Kc6 42. Bd4 Kd5 43. Bb6 Bf8 44. Bc7 Bc5 45. Ke2 Kc6 46.
Bd8 Kb5 47. f3 a5 48. Bc7 a4 49. bxa4+ Kxa4 50. Bd6 Kb5 51. Bc7 Kc4 52. Kd2 b3
53. Bd6 Be3+ 54. Kd1 Kc3 0-1

[Event "XtraCon-Skakligaen"]
[Site "Denmark"]
[Date "2013.01.27"]
[Round "6.1"]
[White "Hector, Jonny"]
[Black "Teplyi, Igor"]
[Result "1/2-1/2"]
[WhiteElo "2539"]
[BlackElo "2386"]
[PlyCount "126"]
[EventDate "2012.10.27"]
[EventType "team-tourn"]
[EventRounds "9"]
[WhiteTeam "Nordkalotten"]
[BlackTeam "Nordre"]
[WhiteTeamCountry "DEN"]
[BlackTeamCountry "DEN"]

1. e4 c5 2. Nf3 d6 3. d4 cxd4 4. Nxd4 Nf6 5. Nc3 a6 6. Bg5 Nbd7 7. f4 g6 8. Qe2
Bg7 9. O-O-O O-O 10. g3 h6 11. Bh4 Qc7 12. Bg2 e5 13. Nb3 b5 14. Qd2 b4 15. Ne2
a5 16. Qxd6 Qa7 17. Bxf6 Nxf6 18. Qc5 Qa6 19. Rhe1 a4 20. Rd6 axb3 21. Rxa6
Bxa6 22. axb3 Bxe2 23. Kb1 Rfd8 24. Qxb4 Ng4 25. Qb6 exf4 26. gxf4 Bd4 27. Qc7
Bf2 28. e5 Bxe1 29. Bxa8 Rxa8 30. e6 Rf8 31. Qc6 Bh4 32. e7 Bxe7 33. Qe4 Bd6
34. Qxe2 h5 35. Qd2 Bc7 36. h3 Nh6 37. b4 Nf5 38. c3 Rd8 39. Qf2 Kg7 40. b5
Rd1+ 41. Ka2 Rd6 42. Qc5 Rd7 43. b6 Bxf4 44. Qc8 Rd3 45. Qc4 Rf3 46. Qe4 Rf2
47. Qxf4 Rxf4 48. b7 Ra4+ 49. Kb1 Rh4 50. b8=Q Rxh3 51. b4 h4 52. b5 Rg3 53.
Qe5+ Kh7 54. b6 h3 55. Qd5 h2 56. b7 Rg1+ 57. Ka2 h1=Q 58. Qxh1+ Rxh1 59. b8=Q
Ng7 60. Qf4 Kg8 61. Qb8+ Kh7 62. Qf4 Kg8 63. Qb8+ Kh7 1/2-1/2

[Event "XtraCon-Skakligaen"]
[Site "Denmark"]
[Date "2013.01.27"]
[Round "6.2"]
[White "Sloth, Jorn"]
[Black "Brynell, Stellan"]
[Result "0-1"]
[WhiteElo "2340"]
[BlackElo "2500"]
[PlyCount "72"]
[EventDate "2012.10.27"]
[EventType "team-tourn"]
[EventRounds "9"]
[WhiteTeam "Nordre"]
[BlackTeam "Nordkalotten"]
[WhiteTeamCountry "DEN"]
[BlackTeamCountry "DEN"]

1. Nf3 Nf6 2. e3 g6 3. b4 Bg7 4. Bb2 O-O 5. c4 d6 6. Be2 e5 7. d3 Nbd7 8. Nc3
Re8 9. Qc2 Nf8 10. O-O h6 11. Rfc1 Bf5 12. Nd2 N8h7 13. Nce4 Ng5 14. Nxg5 hxg5
15. Ne4 Nxe4 16. dxe4 Bd7 17. c5 dxc5 18. bxc5 Qf6 19. Bc4 Rad8 20. Qb3 Bc8 21.
Rd1 g4 22. Qa4 a6 23. Qa5 Rxd1+ 24. Rxd1 Rd8 25. Rd5 Be6 26. Qxc7 Bxd5 27. Bxd5
Rxd5 28. exd5 Qf5 29. h3 Qb1+ 30. Kh2 Qxb2 31. Qc8+ Kh7 32. Qxg4 Qxf2 33. c6
bxc6 34. dxc6 Qc2 35. Qh4+ Bh6 36. Qf6 Qc4 0-1

[Event "XtraCon-Skakligaen"]
[Site "Denmark"]
[Date "2013.01.27"]
[Round "6.3"]
[White "Kristensen, Kaare Hove"]
[Black "Petersen, Tom Petri"]
[Result "1-0"]
[WhiteElo "2336"]
[BlackElo "2331"]
[PlyCount "129"]
[EventDate "2012.10.27"]
[EventType "team-tourn"]
[EventRounds "9"]
[WhiteTeam "Nordkalotten"]
[BlackTeam "Nordre"]
[WhiteTeamCountry "DEN"]
[BlackTeamCountry "DEN"]

1. c4 c5 2. Nc3 g6 3. e3 Bg7 4. d4 Nf6 5. Nf3 O-O 6. Be2 cxd4 7. exd4 d6 8. O-O
Bf5 9. Re1 Re8 10. Bf1 a6 11. d5 Bg4 12. h3 Bxf3 13. Qxf3 Nbd7 14. Bd2 Qb6 15.
b3 Ne5 16. Qe3 Qxe3 17. Bxe3 Nfd7 18. Rac1 Nc5 19. Red1 a5 20. Be2 Ned7 21. g3
Na6 22. Na4 Nac5 23. Nxc5 Nxc5 24. Bf3 Rec8 25. Rc2 Bf6 26. Kg2 Ra6 27. h4 Rb6
28. Bd2 Ra8 29. Kf1 h5 30. Ke2 Nd7 31. Bg2 Kg7 32. f4 Rba6 33. Rb1 Nc5 34. Bf3
Rc8 35. Be3 Raa8 36. Rcc1 Rab8 37. Kf1 Ra8 38. Kg2 Nd3 39. Rd1 Nb4 40. Rd2 Bc3
41. Re2 Na6 42. Bb6 Kf8 43. Rc1 Bb4 44. f5 Nc5 45. fxg6 fxg6 46. Rf1 Nd7 47.
Bg4+ Ke8 48. Bxd7+ Kxd7 49. Rf7 Re8 50. Bd4 a4 51. Bf6 Kc7 52. Rfxe7+ Rxe7 53.
Rxe7+ Kb6 54. Bd4+ Bc5 55. Bxc5+ Kxc5 56. Rxb7 a3 57. Rg7 Kd4 58. Rxg6 Kc3 59.
Rf6 Re8 60. Rf3+ Kb2 61. Rf2+ Kc3 62. g4 Re4 63. gxh5 Rxh4 64. Rf3+ Kb2 65. Rh3
1-0

[Event "XtraCon-Skakligaen"]
[Site "Denmark"]
[Date "2013.01.27"]
[Round "6.4"]
[White "Veng, Johny"]
[Black "Hove, Esben Kjems"]
[Result "0-1"]
[WhiteElo "2239"]
[BlackElo "2267"]
[PlyCount "30"]
[EventDate "2012.10.27"]
[EventType "team-tourn"]
[EventRounds "9"]
[WhiteTeam "Nordre"]
[BlackTeam "Nordkalotten"]
[WhiteTeamCountry "DEN"]
[BlackTeamCountry "DEN"]

1. Nf3 d5 2. d4 Nf6 3. c4 c6 4. e3 Bf5 5. Nc3 e6 6. Nh4 Bg6 7. Be2 Nbd7 8. O-O
Bd6 9. Nxg6 hxg6 10. h3 Qe7 11. Qb3 Rb8 12. Bd2 g5 13. Rfe1 g4 14. e4 dxe4 15.
hxg4 Bh2+ 0-1

[Event "XtraCon-Skakligaen"]
[Site "Denmark"]
[Date "2013.01.27"]
[Round "6.5"]
[White "Nielsen, Lars Aaes"]
[Black "Christensen, Jan Schleicher"]
[Result "1/2-1/2"]
[WhiteElo "2260"]
[BlackElo "2252"]
[PlyCount "121"]
[EventDate "2012.10.27"]
[EventType "team-tourn"]
[EventRounds "9"]
[WhiteTeam "Nordkalotten"]
[BlackTeam "Nordre"]
[WhiteTeamCountry "DEN"]
[BlackTeamCountry "DEN"]

1. e4 e5 2. Nf3 Nc6 3. Bb5 f5 4. d3 fxe4 5. dxe4 Nf6 6. O-O Bc5 7. Qe2 Nd4 8.
Nxd4 Bxd4 9. Nd2 c6 10. Bc4 Qe7 11. Nf3 Bb6 12. a4 d6 13. b3 Bc5 14. c3 a5 15.
Rb1 Be6 16. b4 axb4 17. cxb4 Bxc4 18. Qxc4 Rxa4 19. Bd2 Bb6 20. Bc3 Qf7 21. Qd3
O-O 22. Qxd6 Nxe4 23. Qd3 Nxc3 24. Qxc3 e4 25. Ng5 Qd5 26. Rbd1 Bxf2+ 27. Kh1
Qxg5 28. Qb3+ Kh8 29. Qxa4 e3 30. Rde1 h5 31. Qd1 Rf4 32. Qd3 Bxe1 33. Rxe1 Rf2
34. g3 Rd2 35. Qe4 e2 36. Rxe2 Rd1+ 37. Kg2 Qd5 38. Qxd5 Rxd5 39. Kf3 Rd3+ 40.
Ke4 Rd5 41. Rc2 Kg8 42. Rc5 Rd2 43. b5 Rxh2 44. bxc6 bxc6 45. Rxc6 Rf2 46. Ke3
Rf1 47. Rc5 g6 48. Rc7 Rf7 49. Rc4 Kg7 50. g4 hxg4 51. Rxg4 Kh6 52. Rg2 g5 53.
Rf2 Ra7 54. Rf8 Kh5 55. Kf3 Ra3+ 56. Kg2 Kg4 57. Rb8 Ra2+ 58. Kg1 Kh4 59. Rb3
Ra8 60. Kg2 g4 61. Rc3 1/2-1/2

[Event "XtraCon-Skakligaen"]
[Site "Denmark"]
[Date "2013.01.27"]
[Round "6.6"]
[White "Nielsen, Poul Erik"]
[Black "Pedersen, Daniel V"]
[Result "1/2-1/2"]
[WhiteElo "2215"]
[BlackElo "2274"]
[PlyCount "121"]
[EventDate "2012.10.27"]
[EventType "team-tourn"]
[EventRounds "9"]
[WhiteTeam "Nordre"]
[BlackTeam "Nordkalotten"]
[WhiteTeamCountry "DEN"]
[BlackTeamCountry "DEN"]

1. c4 e5 2. g3 Nf6 3. Bg2 d5 4. cxd5 Nxd5 5. Nf3 Nc6 6. d3 Be7 7. O-O Nb6 8.
Nc3 O-O 9. Be3 Be6 10. Na4 Nxa4 11. Qxa4 Qd7 12. Rfc1 a6 13. d4 exd4 14. Nxd4
Nxd4 15. Qxd4 Qxd4 16. Bxd4 c6 17. Bb6 Rfe8 18. Rd1 Bd8 19. Bc5 Bf6 20. Bd4
Bxd4 21. Rxd4 Rad8 22. Rad1 Rxd4 23. Rxd4 Bxa2 24. Rd7 Rb8 25. Bh3 a5 26. Rc7
Bc4 27. e4 g6 28. f3 a4 29. Kf2 Ba6 30. Bc8 Kf8 31. e5 h6 32. Ke3 Ke8 33. e6
fxe6 34. Bxe6 g5 35. Ke4 Rd8 36. f4 gxf4 37. gxf4 Rd2 38. f5 Rxb2 39. Ke5 Rd2
40. f6 Re2+ 41. Kd6 Rxe6+ 42. Kxe6 Bc4+ 43. Kd6 b5 44. Kxc6 a3 45. Kc5 a2 46.
Ra7 Kf8 47. Kb4 Kg8 48. Kc3 Bf7 49. Kb2 b4 50. Rb7 b3 51. Ra7 h5 52. h4 Be6 53.
Rg7+ Kf8 54. Rh7 Bg4 55. Re7 Bf3 56. Ra7 Bd1 57. Rb7 Ke8 58. Re7+ Kf8 59. Re1
Bc2 60. Re5 Bd1 61. Re7 1/2-1/2